Celebrities to country - Statistics

General Stats
  • This quiz has been taken 18 times
  • The average score is 15 of 20
Answer Stats
Hint Answer % Correct
Lexie Liu China
100%
Shah Rukh Khan India
100%
Cristiano Ronaldo Portugal
100%
Harry Styles United Kingdom
100%
Alexander Petrov Russia
94%
Zara Larsson Sweden
94%
Will Smith United States
94%
Shakira Colombia
88%
Sophie Marceau France
81%
Sia Australia
75%
Ryan Gosling Canada
75%
Jeon Jungkook South Korea
75%
Carlos Alcazar Spain
75%
Heidi Klum Germany
69%
Joost Klein Netherlands
69%
Anitta Brazil
50%
Ado Japan
50%
Tyla South Africa
50%
Can Yaman Turkey
44%
Lisa Manoban Thailand
25%
No matching quizzes found
Score Distribution
Percent of People with Each Score
Percentile by Number Answered
Your Score History
You have not taken this quiz